• 首页
  • 本馆介绍
  • 公告通知
  • 最新文献
  • 馆藏检索
  • 电子资源
  • 读者导购
  • 参考咨询
  • 我的图书馆
  • 登录
  • 详细信息显示
  • 放入我的书架
  • 预约/预借图书
  • 作者相关作品
  • 分类相关作品
  • 丛书相关作品
  • 出版社相关作品

书目信息

  • 表格格式
  • 工作单格式
  • 卡片格式
题名:
纳税评估
    
 
作者: 吕太昌 主编
分册:  
出版信息: 郑州   河南人民出版社  2019.9
页数: 394页
开本: 21cm
丛书名:
单 册:
中图分类: F810.423
科图分类:
主题词: 纳税--na shui--评估
电子资源:
ISBN: 978-7-215-12045-7
000 00794nam0 2200229 450
001 2131744029
005 20210930094346.0
010    @a978-7-215-12045-7@dCNY48.00
100    @a20191218d2019 em y0chiy0120 ea
101 0  @achi
102    @aCN@b410000
105    @ay z 000yy
106    @ar
200 1  @a纳税评估@Ana shui ping gu@f吕太昌主编
210    @a郑州@c河南人民出版社@d2019.9
215    @a394页@d21cm
330    @a本书共九章,内容包括:纳税评估的产生与发展、纳税评估的概述、纳税评估流程、纳税评估对象筛选的方法、纳税评估的分析方法、纳税评估流程中的其他方法、纳税评估的专业化机构、纳税评估人员的基本素质等。
606 0  @a纳税@Ana shui@x评估
690    @aF810.423@v5
701  0 @a吕太昌@Alv tai chang@4主编
801  0 @aCN@b百万庄@c20210929
905    @b1303626-29@dF810.423@e80@f4
    
    纳税评估/吕太昌主编.-郑州:河南人民出版社,2019.9
    394页;21cm
    
    
    ISBN 978-7-215-12045-7:CNY48.00
    本书共九章,内容包括:纳税评估的产生与发展、纳税评估的概述、纳税评估流程、纳税评估对象筛选的方法、纳税评估的分析方法、纳税评估流程中的其他方法、纳税评估的专业化机构、纳税评估人员的基本素质等。
●
相关链接 在E读中查询图书 在五车中查询图书 在当当中查询图书 在豆瓣中查询图书


正题名:纳税评估     索取号:F810.423/80         预约/预借

序号 登录号 条形码 馆藏地/架位号 状态 备注
1 1303626   213036267   第一样本阅览室/ [索取号:F810.423/80] 在馆    
2 1303627   213036276   第一借阅区/ [索取号:F810.423/80] 在馆    
3 1303628   213036285   第一借阅区/ [索取号:F810.423/80] 在馆    
4 1303629   213036294   第一借阅区/ [索取号:F810.423/80] 在馆    
唐山师范学院图书馆 欢迎您!
大连网信软件有限公司© 版权所有